000 01858nam a2200325 a 4500
001 BRCA_2693
005 20190320203927.0
008 021208s1887----sp-a---###---#000-0dspa-u
041 _aspa
044 _asp
084 _a207
_b.J84
_c1887
100 1 _aCervantes Saavedra, Miguel de
_d1547-1616
_9213
245 1 0 _aEl Ingenioso Hidalgo Don Quijote de la Mancha
_ccompuesto por Miguel de Cervantes Saavedra.
260 _aMadrid
_bAgustín Jubera
_c1887
300 _avx, 541 p.
_bil.
_c28 cm.
500 _aContenido : Primera parte. Dedicatoria del autor. Advertencia del editor. Retrato de Cervantes. Prólogo del autor. Versos preliminares. Texto. Segunda parte. Dedicatoria del autor. Prólogo del autor. Vida de Cervantes por J. M. Quintana. El Buscapié por A. de Castro. Texto
500 _aEdición : Novísima edición con notas históricas, críticas y gramaticales de la Academica Española, Pellicer, Arrieta, Clemencín, Cuesta, Janer, etc. Aumentada con El Buscapié, anotado por D. Adolfo de Castro. Adornado con 300 grabados intercalados, láminas sueltas y el retrato del autor grabado en acero
500 _aReproducción de la edición de Gaspar en 1879, con los mismos dibujos de T. Johannot. La parte tipográfica mejorada. Semipiel; ejemplar bien conservado Lúdovik Osterc
500 _aIncluye índice : De láminas (p. 541)
500 _aQM201
650 1 4 _aNovela española
_yÉpoca clásica, 1500-1700
_9215
650 1 4 _aLiteratura española
_yÉpoca clásica, 1500-1700
_9216
650 1 4 _aNovela española
_ySiglo XVII
_9217
650 1 4 _aDon Quijote (Personaje ficticio)
_eNovela
_9218
700 1 _aQuintana, José Manuel
_d1772-1857
_eBiógrafo
_97627
700 1 _aCastro y Rossi, Adolfo de
_d1823-1898
_eAnotador
_97628
740 0 _aEl Ingenioso Hidalgo Don Quijote de la Mancha
902 _aQFM
942 _2lcc
_cB
999 _c2433
_d2433